| 000 | 00342nam a22001337a 4500 | ||
|---|---|---|---|
| 020 | _a471181862 | ||
| 040 | _cNust | ||
| 082 |
_a620.0044 _bCOX'P |
||
| 100 |
_aD.R Cox _9126164 |
||
| 245 | _aPlanning of experiments | ||
| 260 |
_aNew York: _bJohn Willey and sons Inc, _c1958. |
||
| 650 |
_aPlanning of experiments _9126165 |
||
| 942 |
_2ddc _cBK |
||
| 999 |
_c611932 _d611932 |
||